00503nam a2200181Ia 4500008004100000020001500041082000800056100002500064245004600089250000600135260001700141300001100158500002400169650001400193942000700207952009000214999001700304230524s9999 xx 000 0 und d a8185749189 bKUM aDr. D.S.Kumar942079 0aFluid Mechanics & Fluid Power Engineering a7 bKatsonc2009 a1182p; aQuantity Number: 1 aMechanics cBK 00104070aTATCLbTATCLcGENd2023-05-24l0o KUMp53913r2023-05-24w2023-05-24yBK c56486d56486